[Event "Leverkusen Bayer op 9th"]
[Site "Leverkusen"]
[Date "2011.03.28"]
[Round "6"]
[White "Weinmann Musset, Manfred"]
[Black "Schmitz, Andreas Wilhelm"]
[Result "1-0"]
[WhiteElo "1801"]
[BlackElo "2043"]
[PlyCount "59"]
[EventDate "2011.01.10"]
[EventType "swiss"]
[EventRounds "7"]
[EventCountry "GER"]
[SourceTitle "EXT 2012"]
[Source "ChessBase"]
[SourceDate "2011.11.24"]
[SourceVersion "1"]
[SourceVersionDate "2011.11.24"]
[SourceQuality "1"]

1. d4 d5 2. c4 e6 3. Nc3 Nf6 4. Bg5 Be7 5. Nf3 c6 6. e3 Nbd7 7. Rc1 0-0 8. cxd5 Nxd5 9. h4 f6 10. Nxd5 exd5 11. Bd3 Re8 12. Qc2 Nf8 13. Bf4 Bb4+ 14. Kf1 Bd6 15. g3 Be6 16. h5 Qd7 17. Kg2 Bg4 18. Rh4 Bxf4 19. gxf4 Bxh5 20. Bf5 Qf7 21. Rch1 g6 22. Rxh5 gxh5 23. Nh4 Ne6 24. Kf1 Kh8 25. Ng6+ Kg7 26. Rg1 Ng5 27. fxg5 fxg5 28. Rxg5 Kh6 29. f4 Rg8 30. Rxh5+ 1-0

[Event "Leverkusen Bayer op 9th"]
[Site "Leverkusen"]
[Date "2011.02.07"]
[Round "3"]
[White "Schmitz, Andreas Wilhelm"]
[Black "Peschel, Andreas"]
[Result "0-1"]
[WhiteElo "2043"]
[BlackElo "2177"]
[PlyCount "86"]
[EventDate "2011.01.10"]
[EventType "swiss"]
[EventRounds "7"]
[EventCountry "GER"]
[SourceTitle "EXT 2012"]
[Source "ChessBase"]
[SourceDate "2011.11.24"]
[SourceVersion "1"]
[SourceVersionDate "2011.11.24"]
[SourceQuality "1"]

1. Nf3 Nf6 2. c4 e6 3. Nc3 d5 4. e3 c6 5. d4 Nbd7 6. Bd3 dxc4 7. Bxc4 b5 8. Bd3 a6 9. 0-0 c5 10. Ne4 Bb7 11. Nxf6+ Nxf6 12. a4 c4 13. Be2 Bd6 14. b3 Rc8 15. axb5 axb5 16. bxc4 bxc4 17. Ba3 0-0 18. Bxd6 Qxd6 19. Ne5 c3 20. Bd3 Rc7 21. Bc2 g6 22. Qe2 Be4 23. Rfc1 Rb8 24. f3 Bxc2 25. Rxc2 Nd5 26. Nd3 Nb4 27. Nxb4 Rxb4 28. Rac1 Rb3 29. Qd3 Qb4 30. Kf2 Rc4 31. Kg3 Qb8+ 32. f4 Qc7 33. Kf3 Qc6+ 34. Qe4 Qb5 35. g4 Rb2 36. Qd3 Rxc2 37. Rxc2 Qb4 38. d5 exd5 39. Qxd5 Rc8 40. Qd7 Qc4 41. Kf2 Rb8 42. g5 Qe4 43. Qd1 Qxc2+ 0-1

[Event "Leverkusen-ch op"]
[Site "Leverkusen"]
[Date "2009.04.20"]
[Round "7"]
[White "Schmitz, Andreas Wilhelm"]
[Black "Arnold, Bodo"]
[Result "1/2-1/2"]
[WhiteElo "1892"]
[BlackElo "1705"]
[PlyCount "44"]
[EventDate "2009.01.12"]
[EventType "swiss"]
[EventRounds "7"]
[EventCountry "GER"]
[SourceTitle "EXT 2010"]
[Source "ChessBase"]
[SourceDate "2010.11.25"]
[SourceVersion "1"]
[SourceVersionDate "2010.11.25"]
[SourceQuality "1"]

1. Nf3 Nf6 2. c4 c5 3. e3 b6 4. Be2 Bb7 5. 0-0 e6 6. b3 Be7 7. Bb2 d6 8. d4 0-0 9. Qc2 Nbd7 10. Nbd2 Qc7 11. Rad1 cxd4 12. Nxd4 d5 13. Qb1 a6 14. cxd5 Bxd5 15. Rc1 Qb7 16. Bf3 Bxf3 17. N2xf3 Rfc8 18. Rxc8+ Rxc8 19. Rc1 h6 20. h3 Nd5 21. Rxc8+ Qxc8 22. Qc2 Qxc2 1/2-1/2

[Event "Leverkusen-ch op"]
[Site "Leverkusen"]
[Date "2009.04.06"]
[Round "6"]
[White "Schillings, Peter"]
[Black "Schmitz, Andreas Wilhelm"]
[Result "1/2-1/2"]
[WhiteElo "1836"]
[BlackElo "1892"]
[PlyCount "25"]
[EventDate "2009.01.12"]
[EventType "swiss"]
[EventRounds "7"]
[EventCountry "GER"]
[SourceTitle "EXT 2010"]
[Source "ChessBase"]
[SourceDate "2010.11.25"]
[SourceVersion "1"]
[SourceVersionDate "2010.11.25"]
[SourceQuality "1"]

1. e4 e6 2. d4 d5 3. Nd2 Nf6 4. e5 Nfd7 5. Bd3 c5 6. c3 Nc6 7. Ne2 a6 8. 0-0 Be7 9. Nf3 b5 10. Be3 c4 11. Bc2 Bb7 12. Qd2 Qc7 13. Bg5 1/2-1/2

[Event "Leverkusen-ch op"]
[Site "Leverkusen"]
[Date "2009.03.02"]
[Round "5"]
[White "Schmitz, Andreas Wilhelm"]
[Black "Van Schyndel, Andreas"]
[Result "1-0"]
[WhiteElo "1892"]
[BlackElo "1672"]
[PlyCount "53"]
[EventDate "2009.01.12"]
[EventType "swiss"]
[EventRounds "7"]
[EventCountry "GER"]
[SourceTitle "EXT 2010"]
[Source "ChessBase"]
[SourceDate "2010.11.25"]
[SourceVersion "1"]
[SourceVersionDate "2010.11.25"]
[SourceQuality "1"]

1. Nf3 d5 2. d4 c6 3. e3 Nf6 4. c4 Bg4 5. Nbd2 e6 6. Be2 Bd6 7. a3 a5 8. b3 0-0 9. Bb2 Qe7 10. 0-0 Nbd7 11. Re1 Rfe8 12. c5 Bc7 13. b4 Ne4 14. h3 Bh5 15. Nxe4 dxe4 16. Nd2 Bxe2 17. Qxe2 f5 18. b5 Nf6 19. b6 Bb8 20. f4 h6 21. Kh2 a4 22. Nc4 Kh7 23. Bc3 Rg8 24. Rg1 Nd5 25. Bd2 g5 26. g3 e5 27. fxe5 1-0

[Event "Leverkusen-ch op"]
[Site "Leverkusen"]
[Date "2008.03.16"]
[Round "6"]
[White "Schmitz, Andreas Wilhelm"]
[Black "Ziabari, Morteza"]
[Result "1/2-1/2"]
[WhiteElo "1892"]
[BlackElo "1807"]
[PlyCount "91"]
[EventDate "2008.01.14"]
[EventType "swiss"]
[EventRounds "7"]
[EventCountry "GER"]
[SourceTitle "EXT 2010"]
[Source "ChessBase"]
[SourceDate "2010.11.25"]
[SourceVersion "1"]
[SourceVersionDate "2010.11.25"]
[SourceQuality "1"]

1. Nf3 d5 2. g3 Nc6 3. d4 Bf5 4. c3 Nf6 5. Bg2 Qd7 6. 0-0 Bh3 7. Nbd2 Bxg2 8. Kxg2 h5 9. h3 h4 10. Rh1 hxg3 11. fxg3 0-0-0 12. Qe1 Ne4 13. Nxe4 dxe4 14. Ng1 e5 15. e3 exd4 16. exd4 Re8 17. Be3 Bd6 18. Ne2 Ne7 19. Qf2 Nf5 20. Raf1 g6 21. b3 Rh7 22. c4 Reh8 23. c5 Bxg3 24. Nxg3 Nh4+ 25. Kg1 Nf3+ 26. Kg2 Rxh3 27. Nxe4 Rh2+ 28. Rxh2 Rxh2+ 29. Kxf3 Qf5+ 30. Bf4 Rxf2+ 31. Rxf2 f6 32. Ke3 Qe6 33. Kd3 Qa6+ 34. Kc3 Qa5+ 35. Kd3 Qa6+ 36. Kc3 f5 37. Ng5 Qa5+ 38. Kb2 Qe1 39. Rh2 b6 40. c6 Kd8 41. Be5 Ke7 42. Kc2 Qa1 43. Rh7+ Ke8 44. Bf6 Qxa2+ 45. Kc3 Qa5+ 46. Kc2 1/2-1/2

[Event "Leverkusen-ch op"]
[Site "Leverkusen"]
[Date "2008.03.10"]
[Round "5"]
[White "Schimpf, Rolf"]
[Black "Schmitz, Andreas Wilhelm"]
[Result "1/2-1/2"]
[WhiteElo "1811"]
[BlackElo "1892"]
[PlyCount "51"]
[EventDate "2008.01.14"]
[EventType "swiss"]
[EventRounds "7"]
[EventCountry "GER"]
[SourceTitle "EXT 2010"]
[Source "ChessBase"]
[SourceDate "2010.11.25"]
[SourceVersion "1"]
[SourceVersionDate "2010.11.25"]
[SourceQuality "1"]

1. d4 e6 2. Nf3 d5 3. e3 Nf6 4. Bd3 c5 5. c3 Be7 6. Nbd2 Nc6 7. 0-0 Qc7 8. dxc5 Bxc5 9. e4 dxe4 10. Nxe4 Be7 11. Qe2 Bd7 12. Nxf6+ Bxf6 13. Bg5 Bxg5 14. Nxg5 h6 15. Nf3 0-0 16. Rad1 Rad8 17. Rfe1 a6 18. Qe4 g6 19. h4 Ne7 20. h5 Bc6 21. Qe3 Bxf3 22. Qxf3 Qc5 23. hxg6 fxg6 24. Qe2 Kh7 25. Rd2 Rd6 26. Bc2 1/2-1/2

[Event "Leverkusen-ch op"]
[Site "Leverkusen"]
[Date "2008.02.25"]
[Round "4"]
[White "Schmitz, Andreas Wilhelm"]
[Black "Becker, Rainer"]
[Result "1/2-1/2"]
[WhiteElo "1892"]
[BlackElo "1979"]
[PlyCount "102"]
[EventDate "2008.01.14"]
[EventType "swiss"]
[EventRounds "7"]
[EventCountry "GER"]
[SourceTitle "EXT 2010"]
[Source "ChessBase"]
[SourceDate "2010.11.25"]
[SourceVersion "1"]
[SourceVersionDate "2010.11.25"]
[SourceQuality "1"]

1. Nf3 c5 2. c4 Nc6 3. g3 g6 4. Bg2 Bg7 5. a3 a6 6. Nc3 Rb8 7. d3 d6 8. Rb1 Bd7 9. Bd2 b5 10. cxb5 axb5 11. b4 cxb4 12. axb4 f5 13. Qb3 e6 14. 0-0 Nf6 15. e3 0-0 16. Ng5 d5 17. f4 h6 18. Nf3 Ne8 19. Ne2 Qb6 20. Kh1 Kh7 21. h3 Nd6 22. Ne1 Be8 23. Nc2 Bf7 24. Bc3 Bxc3 25. Qxc3 Rbc8 26. Qd2 e5 27. fxe5 Nxe5 28. Ncd4 Rfe8 29. Rfc1 Nc6 30. Nxc6 Rxc6 31. Nd4 Rcc8 32. Rxc8 Rxc8 33. Rc1 Qd8 34. Rxc8 Qxc8 35. Kg1 Kg7 36. Qb2 Kf8 37. Nf3 Qe6 38. Qe5 Qxe5 39. Nxe5 d4 40. Nxf7 Kxf7 41. exd4 Ke7 42. Kf2 Kf6 43. Bc6 g5 44. Ke3 Ke6 45. Kf3 Kf6 46. h4 Ke6 47. hxg5 hxg5 48. Ke3 Kf6 49. d5 Ke5 50. d4+ Kf6 51. Bd7 Ke7 1/2-1/2

[Event "Leverkusen-ch op"]
[Site "Leverkusen"]
[Date "2005.04.04"]
[Round "8"]
[White "Pruess, Martin"]
[Black "Schmitz, Andreas Wilhelm"]
[Result "0-1"]
[WhiteElo "2126"]
[BlackElo "1845"]
[PlyCount "62"]
[EventDate "2005.01.10"]
[EventType "swiss"]
[EventRounds "9"]
[EventCountry "GER"]
[SourceTitle "EXT 2006"]
[Source "ChessBase"]
[SourceDate "2005.11.24"]
[SourceVersion "1"]
[SourceVersionDate "2005.11.24"]
[SourceQuality "1"]

1. e4 e6 2. d4 d5 3. Nd2 dxe4 4. Nxe4 Bd7 5. Nf3 Bc6 6. Bd3 Nd7 7. 0-0 Ngf6 8. Re1 Nxe4 9. Bxe4 Bxe4 10. Rxe4 Nf6 11. Bg5 h6 12. Bxf6 Qxf6 13. Qe2 0-0-0 14. a4 h5 15. a5 a6 16. c3 Bd6 17. c4 c6 18. Ra4 g5 19. b4 g4 20. Ne1 Qg5 21. Nd3 Rd7 22. Ra1 Rhd8 23. Rb1 Bc7 24. b5 axb5 25. cxb5 cxb5 26. Nc5 Rxd4 27. Rxd4 Rxd4 28. Qxb5 Qd5 29. a6 Rd1+ 30. Rxd1 Qxd1+ 31. Qf1 Bxh2+ 0-1

[Event "Leverkusen-ch op"]
[Site "Leverkusen"]
[Date "2005.02.21"]
[Round "5"]
[White "Schmitz, Andreas Wilhelm"]
[Black "Zuehlke, Ernst Wilhelm"]
[Result "1/2-1/2"]
[WhiteElo "1845"]
[BlackElo "1656"]
[PlyCount "81"]
[EventDate "2005.01.10"]
[EventType "swiss"]
[EventRounds "9"]
[EventCountry "GER"]
[SourceTitle "EXT 2006"]
[Source "ChessBase"]
[SourceDate "2005.11.24"]
[SourceVersion "1"]
[SourceVersionDate "2005.11.24"]
[SourceQuality "1"]

1. Nf3 Nf6 2. c4 b6 3. e3 Bb7 4. Be2 g6 5. 0-0 Bg7 6. Nc3 0-0 7. Qc2 d6 8. d4 Nbd7 9. b3 Rc8 10. Bb2 e6 11. Rad1 Re8 12. Qb1 Bxf3 13. Bxf3 e5 14. Bc6 Re7 15. Nd5 Nxd5 16. Bxd5 exd4 17. Bxd4 Bxd4 18. Rxd4 Ne5 19. Qd1 Qd7 20. h3 Kg7 21. Bb7 Rd8 22. Bf3 Re6 23. Be2 f5 24. a3 Rf6 25. Qa1 Qe7 26. Rfd1 Nd7 27. b4 h5 28. Rd5 Kh6 29. Qb2 Re6 30. Bf1 Nf6 31. R5d3 Nd7 32. Qd2 Qg5 33. f4 Qe7 34. g3 Nf6 35. Bg2 Ne4 36. Bxe4 Rxe4 37. Rc1 Re8 38. Kf2 Qe6 39. c5 bxc5 40. bxc5 d5 41. Rcc3 1/2-1/2

[Event "Leverkusen op"]
[Site "Leverkusen"]
[Date "2004.03.01"]
[Round "5"]
[White "Schmitz, Andreas Wilhelm"]
[Black "Ziabari, Morteza"]
[Result "0-1"]
[WhiteElo "1815"]
[BlackElo "2004"]
[PlyCount "52"]
[EventDate "2004.01.12"]
[EventType "swiss"]
[EventRounds "9"]
[EventCountry "GER"]
[SourceTitle "EXT 2006"]
[Source "ChessBase"]
[SourceDate "2005.11.24"]
[SourceVersion "1"]
[SourceVersionDate "2005.11.24"]
[SourceQuality "1"]

1. Nf3 d5 2. d4 Nf6 3. e3 Bg4 4. Be2 e6 5. 0-0 Nbd7 6. Nbd2 Bd6 7. c4 c6 8. b3 Qc7 9. Bb2 Ne4 10. c5 Be7 11. Nxe4 dxe4 12. Nd2 Bf5 13. Qc2 Nf6 14. Nc4 0-0 15. Bc3 Nd5 16. Rac1 a5 17. a3 a4 18. b4 Bg6 19. Nb2 f5 20. Bc4 f4 21. Bxd5 exd5 22. exf4 Rxf4 23. Qe2 Rh4 24. g3 Bh5 25. Qe1 Bf3 26. Bd2 Qd7 0-1

[Event "Leverkusen-ch 15th"]
[Site "Leverkusen"]
[Date "2003.04.28"]
[Round "9"]
[White "Schmitz, Andreas Wilhelm"]
[Black "Balduan, Karl Heinz"]
[Result "1-0"]
[WhiteElo "1877"]
[BlackElo "1613"]
[PlyCount "71"]
[EventDate "2003.01.06"]
[EventType "swiss"]
[EventRounds "9"]
[EventCountry "GER"]
[SourceTitle "EXT 2006"]
[Source "ChessBase"]
[SourceDate "2005.11.24"]
[SourceVersion "1"]
[SourceVersionDate "2005.11.24"]
[SourceQuality "1"]

1. Nf3 d5 2. e3 Bf5 3. c4 c6 4. Qb3 Qb6 5. Qxb6 axb6 6. cxd5 Bxb1 7. Rxb1 Rxa2 8. Bc4 Ra8 9. dxc6 bxc6 10. d4 e6 11. Bd2 Nf6 12. Bd3 Nd5 13. Ke2 Bb4 14. Bxb4 Nxb4 15. Ra1 Rxa1 16. Rxa1 Nxd3 17. Kxd3 0-0 18. Ra7 Rd8 19. Ne5 f6 20. Nc4 c5 21. Nxb6 cxd4 22. exd4 Rxd4+ 23. Kxd4 Nc6+ 24. Kc5 Nxa7 25. b4 Kf7 26. Nc4 Ke7 27. Kb6 Nc8+ 28. Kc7 Na7 29. Nd6 e5 30. Nc8+ Nxc8 31. Kxc8 Kd6 32. Kb7 f5 33. b5 e4 34. Ka7 f4 35. b6 e3 36. b7 1-0

[Event "Leverkusen-ch 15th"]
[Site "Leverkusen"]
[Date "2003.04.14"]
[Round "8"]
[White "Selbach, Frank"]
[Black "Schmitz, Andreas Wilhelm"]
[Result "1/2-1/2"]
[WhiteElo "1602"]
[BlackElo "1877"]
[PlyCount "30"]
[EventDate "2003.01.06"]
[EventType "swiss"]
[EventRounds "9"]
[EventCountry "GER"]
[SourceTitle "EXT 2006"]
[Source "ChessBase"]
[SourceDate "2005.11.24"]
[SourceVersion "1"]
[SourceVersionDate "2005.11.24"]
[SourceQuality "1"]

1. e4 c5 2. Nf3 e6 3. d4 cxd4 4. Nxd4 Bc5 5. Nb3 Bb6 6. Bd3 Qh4 7. 0-0 Nf6 8. Qe2 Nc6 9. N1d2 Ne5 10. Nf3 Nxf3+ 11. Qxf3 Ng4 12. Bf4 h5 13. h3 Nh6 14. Bd6 Qg5 15. a4 a6 1/2-1/2

[Event "Leverkusen-ch 15th"]
[Site "Leverkusen"]
[Date "2003.03.24"]
[Round "7"]
[White "Schmitz, Andreas Wilhelm"]
[Black "Jogschies, Uwe"]
[Result "0-1"]
[WhiteElo "1877"]
[BlackElo "1738"]
[PlyCount "80"]
[EventDate "2003.01.06"]
[EventType "swiss"]
[EventRounds "9"]
[EventCountry "GER"]
[SourceTitle "EXT 2006"]
[Source "ChessBase"]
[SourceDate "2005.11.24"]
[SourceVersion "1"]
[SourceVersionDate "2005.11.24"]
[SourceQuality "1"]

1. Nf3 Nf6 2. c4 g6 3. b3 Bg7 4. Bb2 c5 5. e3 0-0 6. Be2 Nc6 7. a3 b6 8. 0-0 Bb7 9. Qc2 d5 10. cxd5 Nxd5 11. Bxg7 Kxg7 12. Nc3 e5 13. h3 Re8 14. Nxd5 Qxd5 15. Bc4 Qd8 16. Qc3 Qf6 17. Nh2 h5 18. f4 e4 19. Qxf6+ Kxf6 20. Kf2 Red8 21. Rfd1 Na5 22. Nf1 Rd6 23. Rdc1 b5 24. Bxf7 Kxf7 25. Rxc5 Nxb3 26. Rc7+ Kf6 27. Rb1 Bd5 28. g4 hxg4 29. hxg4 Bc4 30. g5+ Ke6 31. Rg7 Kd5 32. Rb2 Kc5 33. Rc2 a5 34. Ke1 Kb6 35. Ng3 Nc5 36. f5 gxf5 37. Nxf5 Rf8 38. Rxc4 Rxf5 39. Rd4 Nd3+ 40. Ke2 Rf2+ 0-1

[Event "Leverkusen-ch 15th"]
[Site "Leverkusen"]
[Date "2003.02.24"]
[Round "5"]
[White "Vossen, Klaus"]
[Black "Schmitz, Andreas Wilhelm"]
[Result "1/2-1/2"]
[WhiteElo "2073"]
[BlackElo "1877"]
[PlyCount "124"]
[EventDate "2003.01.06"]
[EventType "swiss"]
[EventRounds "9"]
[EventCountry "GER"]
[SourceTitle "EXT 2006"]
[Source "ChessBase"]
[SourceDate "2005.11.24"]
[SourceVersion "1"]
[SourceVersionDate "2005.11.24"]
[SourceQuality "1"]

1. d4 e6 2. Nf3 d5 3. c4 Nf6 4. Nc3 c6 5. e3 Qc7 6. Qc2 Nbd7 7. Bd2 Be7 8. Bd3 dxc4 9. Bxc4 Nb6 10. Bd3 Nbd5 11. a3 0-0 12. e4 Nxc3 13. Bxc3 h6 14. Qe2 Bd7 15. e5 Nd5 16. Bd2 Rad8 17. h4 f5 18. exf6 Nxf6 19. Ng5 Qc8 20. b4 hxg5 21. hxg5 Be8 22. gxf6 Bxf6 23. Bh7+ Kf7 24. Qh5+ Ke7 25. Qc5+ Rd6 26. Bf4 Qd7 27. Rd1 b6 28. Qxd6+ Qxd6 29. Bxd6+ Kxd6 30. Be4 Bd7 31. f4 g5 32. fxg5 Bxg5 33. Rh5 Rg8 34. Bf3 Be8 35. Rh7 Bd7 36. Ke2 b5 37. Rdh1 a5 38. Rh8 Rxh8 39. Rxh8 axb4 40. axb4 Bf6 41. Rg8 Bxd4 42. Kd3 c5 43. g4 e5 44. bxc5+ Bxc5 45. g5 b4 46. Rg6+ Ke7 47. Kc4 Be3 48. Rg7+ Ke8 49. Bh5+ Kd8 50. Kxb4 Bd2+ 51. Kc5 e4 52. Kd6 Bb4+ 53. Kd5 e3 54. Be2 Bf8 55. Rf7 Be7 56. g6 Be8 57. Rg7 Bf8 58. Rg8 Ke7 59. Ke5 Bh6 60. Bc4 Ba4 61. g7 e2 62. Bxe2 Bb3 1/2-1/2

[Event "Leverkusen-ch 15th"]
[Site "Leverkusen"]
[Date "2003.02.03"]
[Round "3"]
[White "Depping, Thomas"]
[Black "Schmitz, Andreas Wilhelm"]
[Result "0-1"]
[WhiteElo "1622"]
[BlackElo "1877"]
[PlyCount "46"]
[EventDate "2003.01.06"]
[EventType "swiss"]
[EventRounds "9"]
[EventCountry "GER"]
[SourceTitle "EXT 2006"]
[Source "ChessBase"]
[SourceDate "2005.11.24"]
[SourceVersion "1"]
[SourceVersionDate "2005.11.24"]
[SourceQuality "1"]

1. e4 e6 2. d4 d5 3. Nc3 dxe4 4. Nxe4 Nd7 5. Nf3 Ngf6 6. Bg5 Be7 7. Bd3 Nxe4 8. Bxe7 Qxe7 9. Bxe4 Nf6 10. Bd3 Qb4+ 11. Qd2 Qxb2 12. 0-0 0-0 13. a3 Qb6 14. c4 c5 15. Rfb1 Qc7 16. dxc5 Qxc5 17. Rb5 Qc7 18. Qc2 h6 19. Rab1 Rb8 20. Qb2 b6 21. c5 Ba6 22. cxb6 axb6 23. Rxb6 Rxb6 0-1